| 000 | 00960cam a2200241 a 4500 | ||
|---|---|---|---|
| 001 | 3433264 | ||
| 003 | OSt | ||
| 005 | 20210208120804.0 | ||
| 008 | 910821s1992 nyu rb 001 0 eng | ||
| 010 | _a 91028606 | ||
| 020 | _a0671687875 | ||
| 040 |
_aCO-JMCR _cCO-JMCR |
||
| 041 | 0 | _aeng | |
| 082 | 0 | 4 |
_a215 / _bD255m _223 |
| 100 | 1 |
_aDavies, Paul, _eautor _913090 |
|
| 245 | 1 | 4 |
_aThe mind of God : _bthe scientific basis for a rational world / _cPaul Davies. |
| 260 |
_aNew York : _bSimon & Schuster, _cc1992 |
||
| 300 |
_a254 páginas ; _c25 cm. |
||
| 500 | _aIncluye referencias bibliográficas e índice | ||
| 505 | 0 | _aReason and belief -- Can the universe create itself? -- What are the laws of nature? -- mathematics and reality -- Real worlds and virtual worlds -- The mathematical secret -- Why is the world the way it is? -- Designer universe -- The mystery at the end of the universe | |
| 650 | 1 | 4 |
_aReligión y ciencia _913091 |
| 942 |
_2ddc _cBK |
||
| 999 |
_c7118 _d7118 |
||